| 000 | 01346cam a2200337 a 4500 | ||
|---|---|---|---|
| 999 |
_c16849 _d16849 |
||
| 001 | 14419728 | ||
| 003 | EG-ScBUE | ||
| 005 | 20210309103533.0 | ||
| 008 | 060619s2007 enk f b 001 0beng d | ||
| 020 | _a0230007554 | ||
| 020 | _a9780230007550 | ||
| 040 |
_aDLC _beng _erda _cDLC _dDLC _dEG-ScBUE |
||
| 082 | 0 | 4 |
_a822.33 _bBRA _222 |
| 100 | 1 |
_aBradley, A. C. _q(Andrew Cecil), _d1851-1935, _eauthor. _930506 |
|
| 245 | 1 | 0 |
_aA.C. Bradley on Shakespeare's tragedies : _ba concise edition and reassessment / _cA.C. Bradley ; [edited by] John Russell Brown. |
| 264 | 1 |
_aHampshire ; _aNew York : _bPalgrave Macmillan, _c2007. |
|
| 300 |
_avi, 163 pages ; _c22 cm |
||
| 336 |
_2rdacontent _atext _btxt |
||
| 337 |
_2rdamedia _aunmediated _bn |
||
| 338 |
_2rdacarrier _avolume _bnc |
||
| 500 | _aRev. ed. of Shakespearean tragedy. 1985. | ||
| 504 | _aIncludes bibliographical references and index. | ||
| 600 | 1 | 7 |
_930507 _aShakespeare, William, _d1564-1616, _xTragedies. _2BUEsh |
| 651 | _2BUEsh | ||
| 653 |
_cJuly2012 _bHHUUEENN |
||
| 655 |
_vReading book _934232 |
||
| 700 | 1 |
_aBrown, John Russell, _eeditor. _930509 |
|
| 700 | 1 | 2 |
_aBradley, A. C. _q(Andrew Cecil), _d1851-1935, _tShakespearean tragedy. _930510 |
| 942 |
_2ddc _cBB |
||